000 00870nas a2200277 4500
001 BR2014007526
003 BR-BrBNA
005 20231205124742.0
007 ta
008 230509b bl.|||p| |||| 00| 00por d
040 _aBR-BrBNA
_bpor
_cBiblioteca Nacional de Agricultura
041 _a(En)
072 _aU10
100 1 _aCosta, M.C.G.
100 1 _aCunha, I.M. de L.
100 1 _aJorge, L.A. de C.
100 1 _aAraújo, I.C. da S.
245 1 _aPublic-domain software for root image analysis
650 _aPROGRAMA DE COMPUTADOR
650 _aSOLO
650 _aSISTEMA RADICULAR
773 0 _tRevista Brasileira de Ciência do Solo (Brazil)
_xISSN 0100-0683
_g(Sep-Oct 2014), v. 38(5) p. 1359-1366
_wBR2014007526
856 4 0 _uhttp://www.scielo.br/pdf/rbcs/v38n5/a01v38n5.pdf
909 _a202311
_bLúcia
_c55
_dLúcia Elande
942 _2AGRIS
_n0
_cANA
999 _c240716
_d240716